Statistiques concernant Culture Générale - Série 778

Cliquez ici pour prendre le quiz!

Statistiques générales

  • Ce quiz a été pris 158 fois
  • Le résultat moyen est 7 sur 10

Statistiques - réponses

QuestionRéponse% Correct
Partir à toute allure se dit aussi "démarrer sur les chapeaux de...roues
97%
Quel ouvrage, pouvant être "en colimaçon" ou "roulant", est constitué d'un ensemble de marches permettant d'accéder à un autre niveau ?escalier
95%
De quel pays le gâteau brioché appelé “panettone” est-il originaire ?Italie
95%
Quel monument parisien comporte 1 665 marches de la base jusqu'au sommet ?Tour Eiffel
94%
Dans une BD, comment appelle-t-on les zones délimitées, dans lesquelles sont inscrites les paroles des personnages ?bulles
89%
Quelle plante aux fleurs colorées, pouvant être "d'Inde" ou "de poète", a donné son nom à une révolution au Portugal en 1974 ?oeillet
83%
Qui a entrepris le premier tour du monde, en 1519 ?Magellan
65%
Si vous vous promenez au Sahara, vous pouvez rencontrer un céraste, à quelle espèce appartient cet animal ?serpent
48%
Qu'est-ce qu'une avocette ?oiseau
45%
Le fayard est un arbre que l'on connait davantage sous le nom de ...hêtre
24%

Distribution des résultats

Percentile par nombre de réponses

% des personnes avec chaque résultat

Votre développement - résultats

Vous n’avez pas pris ce quiz